|
|
|
|
| LEADER |
00000nab a2200000 a 4500 |
| 001 |
vtls000733144 |
| 003 |
SK-MaSNL |
| 005 |
20260304114151.0 |
| 008 |
250429c1999 xo 0 slo |
| 015 |
|
|
|a SNBRB2000/10-21639
|
| 035 |
|
|
|a CLN000085252
|
| 035 |
|
|
|a urn:nbn:sk:snk-ab6w8d
|
| 035 |
|
|
|a (uuid)8a8b28bf-6537-4992-8185-76eac86c8a57
|
| 035 |
|
|
|a (urnnbn)urn:nbn:sk:snk:ar-a06294
|
| 035 |
|
|
|a (sysno)vtls000733144
|
| 040 |
|
|
|a SNKBUCL
|b slo
|c SNKBUCL
|e AACR2
|
| 041 |
0 |
|
|a slo
|
| 044 |
|
|
|a xo
|c SK
|
| 080 |
|
|
|a 616.62-008.22
|2 1997
|
| 080 |
|
|
|a 618.164
|2 1997
|
| 100 |
1 |
|
|a Sebo, Z.
|4 aut
|9 1418555
|
| 245 |
1 |
0 |
|a Hranice a možnosti konzervatívnej terapie inkontinnecie moču
|c Z. Sebo
|
| 246 |
1 |
1 |
|a Limitations and options of conservative therapy of urine incontinence
|
| 504 |
|
|
|a Res. angl., slov.
|
| 504 |
|
|
|a Bibliogr. odkazy
|
| 650 |
0 |
7 |
|a inkontinencia moču
|x liečba konzervatívna
|2 snkbucl
|9 1418556
|
| 655 |
|
7 |
|a články z novín a časopisov
|2 snkbucl
|9 267496
|
| 773 |
0 |
|
|t Slovenská gynekológia a pôrodníctvo
|g Roč. 6, č. 4 (1999), s. 169-172
|x 1335-0862
|
| 850 |
|
|
|a Slovenská národná knižnica
|
| 852 |
|
|
|a Slovenská národná knižnica
|
| 954 |
|
|
|a odborná, vedecká literatúra pôvodná (slovenská)
|2 lita
|
| 958 |
|
|
|a article27
|
| 958 |
|
|
|a MI
|
| 958 |
|
|
|a NB
|
| 958 |
|
|
|a OND
|
| 958 |
|
|
|a EUIPO
|
| 999 |
|
|
|c 2872002
|d 2873932
|